[Event "Africa-ch"]
[Site "Cairo"]
[Date "2025.05.18"]
[Round "7"]
[White "Abdallah, Mohamed Khalil"]
[Black "Abugenda, Nagi"]
[Result "1-0"]
[WhiteElo "2123"]
[BlackElo "1994"]
[PlyCount "199"]
[EventDate "2025.05.13"]
[EventType "swiss"]
[EventRounds "9"]
[EventCountry "EGY"]
[SourceTitle "CB22_2025"]
[SourceDate "2025.05.28"]
[SourceVersion "1"]
[SourceVersionDate "2025.05.28"]
[SourceQuality "1"]

1. d4 Nf6 2. c4 e6 3. g3 d5 4. Bg2 b6 5. cxd5 exd5 6. Nf3 Bd6 7. Nc3 Bb7 8. 0-0 a6 9. Bf4 Bxf4 10. gxf4 Qd6 11. e3 Nbd7 12. Rc1 h6 13. Ne5 0-0 14. Kh1 c5 15. Rg1 Rac8 16. Bh3 Rc7 17. Rg3 cxd4 18. Qxd4 Nh5 19. Rgg1 Ndf6 20. Bg2 Rfc8 21. Rcd1 Rc5 22. Bf3 Qe6 23. Be2 b5 24. Bf3 Ba8 25. Qd3 Bb7 26. Bg2 Ba8 27. f3 Bb7 28. Ne2 a5 29. Nd4 Qa6 30. Bh3 R8c7 31. Bf1 Qb6 32. Be2 b4 33. Nf5 Kf8 34. Nd4 Bc8 35. Rd2 Rc1 36. Rdd1 R1c5 37. Rd2 Rc1 38. Rxc1 Rxc1+ 39. Rd1 Qc7 40. Kg2 Rxd1 41. Bxd1 Nd7 42. Qc2 Qxc2+ 43. Bxc2 Nc5 44. Nec6 Nb7 45. Nb3 a4 46. Nbd4 b3 47. axb3 axb3 48. Bxb3 Nf6 49. Bc2 Bd7 50. Ne5 Be8 51. b4 g6 52. Bd3 Ke7 53. Kf2 Kd6 54. Bb5 Nd8 55. Bxe8 Nxe8 56. Ke2 Nc7 57. Kd2 g5 58. Nf5+ Ke6 59. Nd4+ Kf6 60. Ng4+ Kg6 61. fxg5 hxg5 62. b5 Nb7 63. Kc3 f5 64. Ne5+ Kf6 65. Nd3 Ne8 66. Kb4 Ned6 67. Nc5 Nd8 68. Nd7+ Ke7 69. Ne5 Kf6 70. Nec6 N8b7 71. Kc3 Nc4 72. e4 fxe4 73. fxe4 Nb6 74. e5+ Kf7 75. e6+ Kf6 76. Kb4 g4 77. e7 Kf7 78. Nf5 Nc8 79. Nh6+ Ke8 80. Nxg4 Nxe7 81. Nf6+ Kf7 82. Nxe7 Kxf6 83. Nxd5+ Ke5 84. Ne3 Ke4 85. h4 Ke5 86. h5 Kf6 87. Ng4+ Kg5 88. h6 Kg6 89. b6 Nd6 90. Kc5 Nb7+ 91. Kc6 Na5+ 92. Kc7 Kh7 93. b7 Nxb7 94. Kxb7 Kg6 95. Kc6 Kh7 96. Kd6 Kg6 97. Ke6 Kh7 98. Kf6 Kg8 99. Kg6 Kh8 100. Ne5 1-0

[Event "Olympiad-45"]
[Site "Budapest"]
[Date "2024.09.20"]
[Round "9.4"]
[White "Abugenda, Nagi"]
[Black "Nyola, Wasswa Mark"]
[Result "1/2-1/2"]
[WhiteElo "1975"]
[BlackElo "2070"]
[PlyCount "65"]
[EventDate "2024.09.11"]
[EventType "team-swiss"]
[EventRounds "11"]
[EventCountry "HUN"]
[SourceTitle "EXT 2025"]
[Source "ChessBase"]
[SourceDate "2024.10.14"]
[SourceVersion "1"]
[SourceVersionDate "2024.10.14"]
[SourceQuality "1"]
[WhiteTeam "Libya"]
[BlackTeam "Uganda"]
[WhiteTeamCountry "LBY"]
[BlackTeamCountry "UGA"]

1. e4 e5 2. Nf3 Nc6 3. d4 exd4 4. Bc4 Nf6 5. e5 d5 6. Bb5 Ne4 7. Nxd4 Bd7 8. Bxc6 bxc6 9. 0-0 Bc5 10. Be3 Bb6 11. f3 Ng5 12. f4 Ne4 13. Nd2 Nxd2 14. Qxd2 c5 15. Nf3 d4 16. Bf2 0-0 17. Qd3 Qc8 18. Nh4 f5 19. Rfd1 Be6 20. Qh3 Qe8 21. a4 a5 22. Ra3 Qh5 23. Rd2 Qg4 24. Qf3 Rad8 25. h3 Qxf3 26. Nxf3 h6 27. Ra1 Rd5 28. Rad1 Rfd8 29. b3 R5d7 30. Bh4 Re8 31. Bf2 Red8 32. Bh4 Re8 33. Bf2 1/2-1/2

[Event "Olympiad-45"]
[Site "Budapest"]
[Date "2024.09.13"]
[Round "3.73"]
[White "Adeshole Beckley, Brian"]
[Black "Abugenda, Nagi"]
[Result "0-1"]
[WhiteElo "1814"]
[BlackElo "1975"]
[PlyCount "78"]
[EventDate "2024.09.11"]
[EventType "team-swiss"]
[EventRounds "11"]
[EventCountry "HUN"]
[SourceTitle "EXT 2025"]
[Source "ChessBase"]
[SourceDate "2024.10.14"]
[SourceVersion "1"]
[SourceVersionDate "2024.10.14"]
[SourceQuality "1"]
[WhiteTeam "Sierra Leone"]
[BlackTeam "Libya"]
[WhiteTeamCountry "SIE"]
[BlackTeamCountry "LBY"]

1. d4 Nf6 2. c4 e6 3. Nf3 Bb4+ 4. Bd2 Qe7 5. a3 Bxd2+ 6. Qxd2 b6 7. g3 Bb7 8. Bg2 0-0 9. 0-0 d6 10. Nc3 Nbd7 11. Rfe1 c5 12. e3 Rfd8 13. d5 exd5 14. cxd5 a6 15. e4 b5 16. Qf4 Re8 17. Bh3 Ne5 18. Nxe5 Qxe5 19. Qxe5 Rxe5 20. f4 Re7 21. e5 Ne8 22. e6 Nf6 23. exf7+ Kxf7 24. Rxe7+ Kxe7 25. Re1+ Kf8 26. Bg2 Re8 27. Re6 Rxe6 28. dxe6 Bxg2 29. Kxg2 g6 30. Kf3 Ke7 31. g4 Kxe6 32. h4 d5 33. Ne2 h5 34. g5 Ne4 35. b4 c4 36. Nd4+ Kf7 37. f5 gxf5 38. Nxf5 c3 39. Ke3 c2 0-1

[Event "Olympiad-44"]
[Site "Chennai"]
[Date "2022.08.05"]
[Round "7.3"]
[White "Abugenda, Nagi"]
[Black "Wane, Al Hassane"]
[Result "1-0"]
[WhiteElo "1991"]
[BlackElo "1750"]
[PlyCount "91"]
[EventDate "2022.07.29"]
[EventType "team-swiss"]
[EventRounds "11"]
[EventCountry "IND"]
[SourceTitle "CBM 210"]
[Source "ChessBase"]
[SourceDate "2022.10.31"]
[SourceVersion "1"]
[SourceVersionDate "2022.10.31"]
[SourceQuality "1"]
[WhiteTeam "Libya"]
[BlackTeam "Senegal"]
[WhiteTeamCountry "LBY"]
[BlackTeamCountry "SEN"]

1. e4 Nc6 2. Nf3 e5 3. Bc4 Be7 4. d4 exd4 5. 0-0 Nf6 6. e5 Ne4 7. Re1 d5 8. Bb5 0-0 9. Bxc6 bxc6 10. Nxd4 Qe8 11. f3 Ng5 12. f4 Ne4 13. Be3 c5 14. Nb3 c6 15. N1d2 Nxd2 16. Qxd2 d4 17. Bf2 Qd8 18. Rad1 Bg4 19. Rc1 Qd5 20. c3 Rfd8 21. cxd4 cxd4 22. Qxd4 Qb5 23. Qe4 Bb4 24. Re3 Rd1+ 25. Rxd1 Bxd1 26. Qd3 Bxb3 27. Qxb5 cxb5 28. Rxb3 Bd2 29. Rxb5 Bxf4 30. Bxa7 h6 31. Rb8+ Rxb8 32. Bxb8 f6 33. g3 Be3+ 34. Kg2 Bd4 35. b4 fxe5 36. a4 e4 37. a5 Kf7 38. a6 Ke6 39. a7 Bxa7 40. Bxa7 Kd6 41. Kf2 g5 42. Ke3 Kd5 43. b5 h5 44. b6 h4 45. b7 hxg3 46. b8Q 1-0

[Event "Olympiad-44"]
[Site "Chennai"]
[Date "2022.07.31"]
[Round "3.3"]
[White "Abugenda, Nagi"]
[Black "Escalona Landi, Samid Eduardo"]
[Result "1/2-1/2"]
[WhiteElo "1991"]
[BlackElo "2191"]
[PlyCount "80"]
[EventDate "2022.07.29"]
[EventType "team-swiss"]
[EventRounds "11"]
[EventCountry "IND"]
[SourceTitle "CBM 210"]
[Source "ChessBase"]
[SourceDate "2022.10.31"]
[SourceVersion "1"]
[SourceVersionDate "2022.10.31"]
[SourceQuality "1"]
[WhiteTeam "Libya"]
[BlackTeam "Venezuela"]
[WhiteTeamCountry "LBY"]
[BlackTeamCountry "VEN"]

1. e4 c5 2. Nf3 Nc6 3. d4 cxd4 4. Nxd4 Qb6 5. Nb3 Nf6 6. Nc3 e6 7. Be3 Qc7 8. a3 a6 9. Be2 Be7 10. 0-0 0-0 11. f4 d6 12. Bf3 b5 13. Qe2 Bb7 14. Qf2 Rac8 15. Rad1 b4 16. Bb6 Qb8 17. axb4 Nxb4 18. Bd4 d5 19. exd5 Nbxd5 20. Be5 Qa8 21. Na5 Bc5 22. Bd4 Nxc3 23. bxc3 Bxf3 24. Qxf3 Qe4 25. Nb3 Bxd4+ 26. Nxd4 Rc4 27. Ra1 Rfc8 28. Rxa6 Rxc3 29. Qxe4 Nxe4 30. Ra7 R3c4 31. Rd1 g5 32. Nxe6 fxe6 33. Rdd7 Nf6 34. Rg7+ Kh8 35. fxg5 Ne8 36. Rxh7+ Kg8 37. Rhe7 Nc7 38. h4 Rxc2 39. h5 Rc5 40. g6 Rxh5 1/2-1/2